Solat yang menangis

Bibliographic Details
Main Author: Al-Rasyid, Khalid ibn Muhammad
Format: Book
Published: Kuala Lumpur : S.A.Majeed & co. , [s.n]
Series:Siri solat pengubatan
Subjects:

MARC

LEADER 00000cam a2200000 7i4500
001 0000053787
005 20151027.0
008 151027
020 |a 9673716234 
020 |a 9789673716234 
090 0 0 |a 297.3822   |b RAS 
100 1 |a Al-Rasyid, Khalid ibn Muhammad 
245 1 0 |a Solat yang menangis   |c Khalid ibn Muhammad Al-Rasyid 
260 |a Kuala Lumpur :   |b S.A.Majeed & co. ,   |c [s.n] 
300 |a 296pg. :   |b ill. 
490 1 |a Siri solat pengubatan 
650 0 |a Pillars of Islam 
650 0 |a Prayer   |x Islam 
650 0 |a Salat 
999 |a 0001213248   |b Book   |c Adult Collection   |e Cawangan Pontian 
999 |a 0001213249   |b Book   |c Adult Collection   |e Cawangan Taman Sri Lambak 
999 |a 0001213250   |b Book   |c Adult Collection   |e Cawangan Mersing 
999 |a 0001213251   |b 35mm Slides   |c Adult Collection   |e Cawangan Bukit Gambir 
999 |a 0001213253   |b Book   |c Adult Collection   |e Cawangan Segamat 
999 |a 0001213254   |b Book   |c Adult Collection   |e Cawangan Tangkak 
999 |a 0001213255   |b Book   |c Adult Collection   |e Cawangan Bandar Tenggara 
999 |a 0001213256   |b Book   |c Adult Collection   |e Cawangan Kota Tinggi